Who Will be the Next in Line to Join the Euro Area? A Business Cycle Synchronisation Evidence
Na minha lista:
| Autor principal: | |
|---|---|
| Outros Autores: | , , |
| Formato: | Capítulo de Livro |
| Idioma: | inglês |
| Tags: |
Sem tags, seja o primeiro a adicionar uma tag!
|
MARC
| LEADER | 00000naa a2200000 4500 | ||
|---|---|---|---|
| 001 | 0307143 | ||
| 005 | 20250225125539.1 | ||
| 041 | 0 | |a eng | |
| 044 | |a AT | ||
| 245 | 1 | 0 | |a Who Will be the Next in Line to Join the Euro Area? A Business Cycle Synchronisation Evidence |c António Portugal Duarte, Nuno Baetas da Silva, Martin Lábaj |
| 100 | 1 | |a Duarte, António Portugal | |
| 700 | 1 | |a da Silva, Nuno Baetas | |
| 700 | 1 | |a Lábaj, Martin, 1982- | |
| 700 | 1 | |a Šuláková, Agáta, 1995- | |